000 00478nam a2200181Ia 4500
001 20506
005 20260306172811.0
008 260306t2014||||xx |||||||||||||| ||spa||
041 _aESP
082 _a343.334
_bD44
100 _aDefensoria del pueblo
_eAUT
245 0 _aLa fortaleza de la persuasión:
_bdieciocho años de la Defensoría del Pueblo
260 _c2014
300 _a264 páginas :
_c24 cm.
650 _aGEN
654 _aCDE
942 _cLIB
_dJUS
_fJUS
_2ddc
_n
999 _c20506
_d20506